|
|
|
|
| LEADER |
01326nam a2200361 a 4500 |
| 001 |
000634370 |
| 003 |
CZ BrMZK |
| 005 |
20091009084239.0 |
| 007 |
ta |
| 008 |
021104s2002 xr e p cze d |
| 015 |
|
|
|a cnb001191114
|
| 020 |
|
|
|a 80-86575-11-X
|
| 035 |
|
|
|a (OCoLC)53265732
|
| 040 |
|
|
|a BOA001
|b cze
|
| 072 |
|
7 |
|a 005
|x Management. Řízení
|2 Konspekt
|9 4
|
| 072 |
|
7 |
|a 37.016
|x Učební osnovy. Vyučovací předměty. Učebnice
|2 Konspekt
|9 22
|
| 080 |
|
|
|a 005.95/.96
|2 MRF
|
| 080 |
|
|
|a (075.8)
|2 MRF
|
| 100 |
1 |
|
|a Hroník, František,
|d 1956-
|7 mzk2003171488
|4 aut
|
| 245 |
1 |
0 |
|a Managing people /
|c František Hroník
|
| 250 |
|
|
|a 3. přeprac. vyd.
|
| 260 |
|
|
|a Brno :
|b B.I.B.S.,
|c 2002
|
| 300 |
|
|
|a 157 s. :
|b il. ;
|c 21 cm
|
| 490 |
1 |
|
|a Studijní text pro studia MBA Senior Executive a MSc in Management Studies
|
| 500 |
|
|
|a Název z obálky
|
| 504 |
|
|
|a Obsahuje bibliografii
|
| 650 |
0 |
7 |
|a personální management
|7 ph115721
|2 czenas
|
| 655 |
|
7 |
|a učebnice vysokých škol
|7 fd133772
|2 czenas
|
| 710 |
2 |
|
|a Brno International Business School
|7 ko2002103098
|
| 830 |
|
0 |
|a Studijní text pro studia MBA Senior Executive a MSc in Management Studies
|
| 910 |
|
|
|a BOA001
|b 2-1108.439
|
| 990 |
|
|
|a BK
|
| 996 |
6 |
|
|b 2610173803
|c 2-1108.439
|l MZK
|r Sklad / do 1 hodiny
|n 2
|p p.v.
|w 000634370
|u 000010
|a 1
|e BOA001
|j MZK50
|s P
|